[Event "71st RUS-ch Higher League 2018"]
[Site "Yaroslavl"]
[Date "2018.07.03"]
[Round "7"]
[White "Okrugin, Sergey"]
[Black "Bimiev, Ahmad"]
[Result "1/2-1/2"]
[WhiteElo "2334"]
[BlackElo "2125"]
[Annotator "NA"]
[PlyCount "82"]
[EventDate "2018.06.26"]
[EventType "swiss"]
[EventCountry "RUS"]
[SourceTitle "playchess.com"]
[Source "ChessBase"]
[SourceQuality "1"]
[TimeControl "40/5400+30:1800+30"]

1. e4 {[%emt 0:00:00]} c5 {[%emt 0:00:00]} 2. Nc3 {[%emt 0:00:00]} d6 {[%emt 0:00:00]} 3. Nf3 {[%emt 0:00:00]} Nf6 {[%emt 0:00:06]} 4. g3 {[%emt 0:00:07]} g6 {[%emt 0:01:31]} 5. Bg2 {[%emt 0:00:09]} Bg7 {[%emt 0:00:07]} 6. O-O {[%emt 0:00:08]} Nc6 {[%emt 0:08:52]} 7. Re1 {[%emt 0:08:47]} e5 {[%emt 0:10:00]} 8. d3 {[%emt 0:01:03]} h6 {[%emt 0:02:03]} 9. Nd2 {[%emt 0:00:38]} Nd4 {[%emt 0:11:34]} 10. Nd5 {[%emt 0:03:40]} Nxd5 {[%emt 0:01:17]} 11. exd5 {[%emt 0:00:18]} O-O {[%emt 0:00:16]} 12. c3 {[%emt 0:00:32]} Nf5 {[%emt 0:00:15]} 13. a4 {[%emt 0:05:26]} b6 {[%emt 0:10:18]} 14. Nc4 {[%emt 0:13:28]} Ba6 {[%emt 0:12:08]} 15. Qb3 {[%emt 0:13:36]} g5 {[%emt 0:13:16]} 16. Bd2 {[%emt 0:02:13]} Rb8 {[%emt 0:00:47]} 17. Qc2 {[%emt 0:03:17]} Ne7 {[%emt 0:03:10]} 18. f4 {[%emt 0:04:35]} gxf4 {[%emt 0:01:10]} 19. gxf4 {[%emt 0:00:22]} Bxc4 {[%emt 0:00:13]} 20. dxc4 {[%emt 0:00:08]} f5 {[%emt 0:00:09]} 21. Rad1 {[%emt 0:12:00]} e4 {[%emt 0:00:11]} 22. Be3 {[%emt 0:01:39]} Ng6 {[%emt 0:03:16]} 23. b4 {[%emt 0:04:00]} Qf6 {[%emt 0:01:02]} 24. Rc1 {[%emt 0:01:05]} Kh7 {[%emt 0:00:29]} 25. Kh1 {[%emt 0:02:02]} Rg8 {[%emt 0:01:58]} 26. Rg1 {[%emt 0:04:28]} Qh4 {[%emt 0:01:57]} 27. Qd2 {[%emt 0:02:32]} a5 {[%emt 0:06:09]} 28. Rb1 {[%emt 0:03:10]} h5 {[%emt 0:06:57]} 29. bxa5 {[%emt 0:03:29]} bxa5 {[%emt 0:00:04]} 30. Rb5 {[%emt 0:00:07]} Bh6 {[%emt 0:00:37]} 31. Rf1 {[%emt 0:01:00]} Qf6 {[%emt 0:01:55]} 32. Rfb1 {[%emt 0:04:01]} Ra8 {[%emt 0:00:55]} 33. Rb7+ {[%emt 0:00:39]} Rg7 {[%emt 0:00:06]} 34. Qe2 {[%emt 0:01:45]} Ra7 {[%emt 0:02:36]} 35. Rxa7 {[%emt 0:00:18]} Rxa7 {[%emt 0:00:04]} 36. Qxh5 {[%emt 0:00:44]} Qxc3 {[%emt 0:00:09]} 37. Qxf5 {[%emt 0:00:15]} Qxe3 {[%emt 0:01:22]} 38. Bxe4 {[%emt 0:00:08]} Rg7 {[%emt 0:00:12]} 39. Rg1 {[%emt 0:00:21]} Qxf4 {[%emt 0:01:01]} 40. Rxg6 {[%emt 0:00:00]} Qxf5 {[%emt 0:00:00]} 41. Rxg7+ {[%emt 0:00:28]} Kxg7 {[%emt 0:00:13]} 1/2-1/2

[Event "71st RUS-ch Higher League 2018"]
[Site "Yaroslavl"]
[Date "2018.07.04"]
[Round "8"]
[White "Matlakov, Maxim"]
[Black "Popov, Ivan"]
[Result "1/2-1/2"]
[WhiteElo "2699"]
[BlackElo "2608"]
[Annotator "TA"]
[PlyCount "80"]
[EventDate "2018.06.26"]
[EventType "swiss"]
[EventCountry "RUS"]
[SourceTitle "playchess.com"]
[Source "ChessBase"]
[SourceQuality "1"]

{[%evp 17,80,12,24,0,31,26,28,24,17,16,13,14,11,18,18,22,22,25,19,20,31,27,8,16,16,0,0,0,0,0,0,0,0,0,0,0,0,0,0,0,0,0,0,0,0,0,0,0,0,0,0,0,0,0,0,0,0,0,0,0,0,0,0,0,0]} 1. d4 d5 2. c4 dxc4 3. Nf3 Nf6 4. e3 e6 5. Bxc4 c5 6. O-O Nc6 7. Nc3 a6 8. Qe2 b5 9. Bb3 Bb7 {[%cal Rc5d4] LiveBook: 31 Games. D28: Queen's Gambit Accepted: Classical main line: 7 Qe2 with early ...Nc6} 10. d5 Nxd5 11. Rd1 $1 {[%cal Rc3d5]} Be7 {White has an edge.} 12. Bxd5 $146 ({Predecessor:} 12. Nxd5 exd5 13. Bxd5 Qb6 14. b3 Rd8 15. Bb2 O-O 16. e4 Nb4 17. Bxb7 Qxb7 {½-½ (28) Kalinin,A (2615)-Winckelmann,T (2548) ICCF email 2006}) 12... exd5 13. Nxd5 O-O 14. a4 Na5 15. Nxe7+ Qxe7 16. axb5 axb5 17. Qxb5 Ba6 18. Qa4 $1 ({Of course not} 18. Qxa5 Bb7 $17) 18... Be2 {[#] And now ...Nb3! would win.} 19. Re1 Bxf3 20. gxf3 {Threatens to win with Bd2.The position is equal.} Qb7 21. Qe4 Qxe4 22. fxe4 Nb3 23. Rxa8 Rxa8 $11 {[%mdl 4096] Endgame KRB-KRN} 24. e5 h6 25. Kg2 Ra4 {[#] aiming for ...Rc4.} 26. Rd1 Re4 27. Bd2 Nxd2 28. Rxd2 Rxe5 {KR-KR} 29. Rc2 Kf8 30. Rc4 Ke7 31. b4 cxb4 32. Rxb4 g5 33. h4 Kf6 34. hxg5+ hxg5 35. Kg3 Kg6 36. Ra4 f6 37. Rb4 Ra5 38. Rc4 Rb5 39. Rd4 Rc5 40. Rb4 Ra5 {Precision: White = 86%, Black = 88%.} 1/2-1/2

[Event "71st RUS-ch Higher League 2018"]
[Site "Yaroslavl"]
[Date "2018.07.04"]
[Round "8"]
[White "Inarkiev, Ernesto"]
[Black "Lysyj, Igor"]
[Result "1-0"]
[WhiteElo "2684"]
[BlackElo "2630"]
[Annotator "TA"]
[PlyCount "57"]
[EventDate "2018.06.26"]
[EventType "swiss"]
[EventCountry "RUS"]
[SourceTitle "playchess.com"]
[Source "ChessBase"]
[SourceQuality "1"]

{[%evp 17,57,0,0,0,0,0,0,0,0,-18,0,0,0,-10,-9,0,66,54,27,0,0,-9,64,52,148,-64,0,-20,57,42,418,425,405,410,469,452,906,817,893,895,879,858]} 1. e4 e5 2. Nf3 Nc6 3. Bb5 Nf6 4. Nc3 Bc5 5. O-O O-O 6. Nxe5 Nxe5 7. d4 Bd6 8. f4 Neg4 {C48: Four Knights: 4 Bb5, replies other than 4...Bb4} 9. e5 Be7 {LiveBook: 13 Games} 10. f5 d6 {The position is equal.} 11. exf6 Nxf6 12. Qf3 c6 13. Bd3 Qb6 14. Be3 $146 ({Predecessor:} 14. Qf4 d5 15. Kh1 Re8 16. g4 {0-1 (47) Wei,Y (2454)-Tkachiev,V (2662) Jakarta 2012}) 14... Qxb2 15. Ne2 $1 d5 16. g4 Ne4 (16... h6 $11) 17. Ng3 $1 $36 {[%mdl 2048] White has good play.} Nxg3 18. Qxg3 (18. hxg3 {is more complex.} f6 19. Qh1 Qb6 20. g5 Qc7 21. Kg2) 18... f6 $1 19. Kh1 Qa3 ({Better is} 19... h6 $11) 20. Rf3 {[%mdl 1024] White has compensation.} Rf7 (20... h6 $1 $14) 21. h4 $2 (21. Qh4 $1 $16) 21... Qd6 ({Black should try} 21... Bd6 $15 22. Bf4 Bxf4 23. Qxf4 Bd7) 22. Qg2 h6 ({Black should play} 22... c5 $11) 23. Rg1 Bd7 $2 {[%mdl 8192] [#]} (23... Qd8 $14) 24. Bf4 $1 $18 {[%cal Rf4d6]} Qb4 {[#]} 25. g5 $1 fxg5 26. hxg5 {White is clearly winning.} Bxg5 (26... Qxd4 $142 27. gxh6 Re8) 27. Bxg5 hxg5 28. Qxg5 Re8 29. Qh4 {Precision: White = 73%, Black = 25%.} 1-0

[Event "71st RUS-ch Higher League 2018"]
[Site "Yaroslavl"]
[Date "2018.07.04"]
[Round "8"]
[White "Najer, Evgeniy"]
[Black "Alekseenko, Kirill"]
[Result "0-1"]
[WhiteElo "2668"]
[BlackElo "2621"]
[Annotator "ChessBase"]
[PlyCount "106"]
[EventDate "2018.06.26"]
[EventType "swiss"]
[EventCountry "RUS"]
[SourceTitle "playchess.com"]
[Source "ChessBase"]
[SourceQuality "1"]
[TimeControl "40/5400+30:1800+30"]

1. d4 {[%emt 0:00:34]} Nf6 {[%emt 0:00:15]} 2. c4 {[%emt 0:00:20]} e6 {[%emt 0:00:31]} 3. g3 {[%emt 0:00:06]} d5 {[%emt 0:02:25]} 4. Bg2 {[%emt 0:00:27]} Bb4+ {[%emt 0:00:25]} 5. Bd2 {[%emt 0:00:09]} Be7 {[%emt 0:00:32]} 6. Nf3 {[%emt 0:00:07]} O-O {[%emt 0:00:34]} 7. O-O {[%emt 0:00:14]} Nbd7 {[%emt 0:00:58]} 8. Qb3 {[%emt 0:11:05]} Nb6 {[%emt 0:01:10]} 9. c5 {[%emt 0:03:36]} Nc4 {[%emt 0:00:15]} 10. Rc1 {[%emt 0:00:30]} b6 {[%emt 0:10:28]} 11. c6 {[%emt 0:02:29]} Ne4 {[%emt 0:05:00]} 12. Be1 {[%emt 0:08:14]} a5 {[%emt 0:12:26]} 13. Nbd2 {[%emt 0:17:02]} Ncxd2 {[%emt 0:12:02]} 14. Nxd2 {[%emt 0:00:50]} Nxd2 {[%emt 0:01:32]} 15. Bxd2 {[%emt 0:00:06]} Ba6 {[%emt 0:00:35]} 16. Bf3 {[%emt 0:04:59]} Bd6 {[%emt 0:03:14]} 17. e4 {[%emt 0:03:12]} dxe4 {[%emt 0:05:55]} 18. Bxe4 {[%emt 0:00:35]} e5 {[%emt 0:02:03]} 19. dxe5 {[%emt 0:16:20]} Bxe5 {[%emt 0:00:05]} 20. Bc3 {[%emt 0:00:10]} Qf6 {[%emt 0:16:18]} 21. Bxe5 {[%emt 0:00:35]} Qxe5 {[%emt 0:00:04]} 22. Re1 {[%emt 0:00:11]} Qf6 {[%emt 0:04:47]} 23. Re3 {[%emt 0:14:08]} Rad8 {[%emt 0:01:27]} 24. Rae1 {[%emt 0:01:13]} g6 {[%emt 0:04:57]} 25. Qc2 {[%emt 0:06:31]} Bc8 {[%emt 0:02:33]} 26. h4 {[%emt 0:00:21]} Rd6 {[%emt 0:01:29]} 27. Rf3 {[%emt 0:01:33]} Qd4 {[%emt 0:02:26]} 28. Rd3 {[%emt 0:01:50]} Qb4 {[%emt 0:00:13]} 29. Ree3 {[%emt 0:00:23]} Ba6 {[%emt 0:02:49]} 30. Rxd6 {[%emt 0:01:30]} Qxd6 {[%emt 0:00:01]} 31. Qc3 {[%emt 0:01:06]} Re8 {[%emt 0:01:11]} 32. h5 {[%emt 0:00:12]} Qd1+ {[%emt 0:00:23]} 33. Re1 {[%emt 0:03:23]} Qxh5 {[%emt 0:00:04]} 34. Bg2 {[%emt 0:01:51]} Rxe1+ {[%emt 0:01:17]} 35. Qxe1 {[%emt 0:00:01]} Qe2 {[%emt 0:00:10]} 36. Qc3 {[%emt 0:00:22]} Qd1+ {[%emt 0:00:34]} 37. Kh2 {[%emt 0:00:02]} Qd6 {[%emt 0:02:20]} 38. Qe3 {[%emt 0:00:06]} Kg7 {[%emt 0:00:50]} 39. a3 {[%emt 0:00:31]} Bc8 {[%emt 0:00:56]} 40. Qc3+ {[%emt 0:00:00]} Qf6 {[%emt 0:00:00]} 41. Qd2 {[%emt 0:02:28]} h5 {[%emt 0:05:39]} 42. Kg1 {[%emt 0:01:47]} Be6 {[%emt 0:03:28]} 43. f4 {[%emt 0:04:14]} Kf8 {[%emt 0:01:35]} 44. Kh2 {[%emt 0:00:56]} Ke8 {[%emt 0:01:39]} 45. b4 {[%emt 0:01:41]} axb4 {[%emt 0:00:20]} 46. axb4 {[%emt 0:00:04]} Qd8 {[%emt 0:00:57]} 47. Qc3 {[%emt 0:04:40]} Qd6 {[%emt 0:01:01]} 48. Bh3 {[%emt 0:06:00]} Ke7 {[%emt 0:01:29]} 49. Bxe6 {[%emt 0:02:53]} Qxe6 {[%emt 0:00:06]} 50. Kg1 {[%emt 0:00:57]} Qe4 {[%emt 0:02:49]} 51. Kh2 {[%emt 0:01:16]} Ke6 {[%emt 0:01:19]} 52. Kg1 {[%emt 0:00:15]} Kf5 {[%emt 0:03:00]} 53. Kh2 {[%emt 0:01:06]} Qe2+ {[%emt 0:00:13]} 0-1

[Event "71st RUS-ch Higher League 2018"]
[Site "Yaroslavl"]
[Date "2018.07.04"]
[Round "8"]
[White "Motylev, Alexander"]
[Black "Rakhmanov, Aleksandr"]
[Result "1/2-1/2"]
[WhiteElo "2659"]
[BlackElo "2627"]
[Annotator "ChessBase"]
[PlyCount "85"]
[EventDate "2018.06.26"]
[EventType "swiss"]
[EventCountry "RUS"]
[SourceTitle "playchess.com"]
[Source "ChessBase"]
[SourceQuality "1"]
[TimeControl "40/5400+30:1800+30"]

1. e4 {[%emt 0:00:00]} e5 {[%emt 0:00:00]} 2. Nf3 {[%emt 0:00:00]} Nf6 {[%emt 0:00:00]} 3. Nxe5 {[%emt 0:01:37]} d6 {[%emt 0:00:00]} 4. Nd3 {[%emt 0:01:32]} Nxe4 {[%emt 0:00:35]} 5. Qe2 {[%emt 0:00:06]} Qe7 {[%emt 0:00:21]} 6. Nf4 {[%emt 0:00:05]} Nf6 {[%emt 0:08:52]} 7. d4 {[%emt 0:00:41]} Qxe2+ {[%emt 0:03:16]} 8. Bxe2 {[%emt 0:00:50]} Nc6 {[%emt 0:01:01]} 9. c3 {[%emt 0:00:46]} g6 {[%emt 0:02:27]} 10. f3 {[%emt 0:04:28]} Bg7 {[%emt 0:09:08]} 11. h4 {[%emt 0:03:43]} h5 {[%emt 0:01:20]} 12. Na3 {[%emt 0:00:51]} Ne7 {[%emt 0:03:32]} 13. Nb5 {[%emt 0:07:11]} Kd8 {[%emt 0:01:20]} 14. Kf2 {[%emt 0:03:02]} a6 {[%emt 0:03:30]} 15. Na3 {[%emt 0:01:37]} b6 {[%emt 0:13:24]} 16. Bc4 {[%emt 0:05:44]} Rf8 {[%emt 0:01:24]} 17. Nc2 {[%emt 0:01:54]} Bb7 {[%emt 0:01:53]} 18. Ne3 {[%emt 0:02:38]} Kd7 {[%emt 0:05:03]} 19. a4 {[%emt 0:01:36]} Bc6 {[%emt 0:04:01]} 20. Rd1 {[%emt 0:11:10]} Bh6 {[%emt 0:06:51]} 21. Nd3 {[%emt 0:03:42]} Bxe3+ {[%emt 0:05:20]} 22. Bxe3 {[%emt 0:00:41]} Bd5 {[%emt 0:00:40]} 23. b3 {[%emt 0:02:20]} Bxc4 {[%emt 0:06:22]} 24. bxc4 {[%emt 0:00:07]} Nf5 {[%emt 0:00:57]} 25. Bf4 {[%emt 0:01:37]} Ng8 {[%emt 0:06:40]} 26. c5 {[%emt 0:15:26]} Nxh4 {[%emt 0:00:21]} 27. cxd6 {[%emt 0:03:44]} cxd6 {[%emt 0:00:13]} 28. c4 {[%emt 0:00:42]} Nf5 {[%emt 0:09:52]} 29. c5 {[%emt 0:00:52]} h4 {[%emt 0:00:28]} 30. cxb6 {[%emt 0:02:12]} Nge7 {[%emt 0:00:13]} 31. Rab1 {[%emt 0:19:03]} Nd5 {[%emt 0:00:54]} 32. Bd2 {[%emt 0:00:11]} Rab8 {[%emt 0:01:58]} 33. b7 {[%emt 0:00:25]} Nfe7 {[%emt 0:00:44]} 34. Rdc1 {[%emt 0:01:23]} Nc6 {[%emt 0:01:19]} 35. Nf4 {[%emt 0:00:37]} Nce7 {[%emt 0:00:26]} 36. Rh1 {[%emt 0:04:21]} Nxf4 {[%emt 0:01:13]} 37. Bxf4 {[%emt 0:00:05]} Nd5 {[%emt 0:00:05]} 38. Rxh4 {[%emt 0:00:35]} Kc6 {[%emt 0:02:15]} 39. Rc1+ {[%emt 0:00:29]} Kd7 {[%emt 0:00:18]} 40. Rb1 {[%emt 0:00:00]} Kc6 {[%emt 0:00:00]} 41. Bg3 {[%emt 0:03:59]} Rfe8 {[%emt 0:11:14]} 42. Rhh1 {[%emt 0:10:13]} f5 {[%emt 0:01:27]} 43. Rbc1+ {[%emt 0:11:00]} 1/2-1/2

[Event "71st RUS-ch Higher League 2018"]
[Site "Yaroslavl"]
[Date "2018.07.04"]
[Round "8"]
[White "Gordievsky, Dmitry"]
[Black "Pridorozhni, Aleksei"]
[Result "1-0"]
[WhiteElo "2641"]
[BlackElo "2589"]
[Annotator "ChessBase"]
[PlyCount "97"]
[EventDate "2018.06.26"]
[EventType "swiss"]
[EventCountry "RUS"]
[SourceTitle "playchess.com"]
[Source "ChessBase"]
[SourceQuality "1"]
[TimeControl "40/5400+30:1800+30"]

1. c4 {[%emt 0:00:02]} e6 {[%emt 0:00:00]} 2. Nf3 {[%emt 0:01:48]} f5 {[%emt 0:00:00]} 3. d4 {[%emt 0:05:39]} Nf6 {[%emt 0:00:00]} 4. Nc3 {[%emt 0:00:12]} Bb4 {[%emt 0:00:40]} 5. Bd2 {[%emt 0:02:16]} O-O {[%emt 0:00:42]} 6. g3 {[%emt 0:01:44]} c6 {[%emt 0:02:47]} 7. Qb3 {[%emt 0:02:49]} Ba5 {[%emt 0:00:51]} 8. Bg2 {[%emt 0:04:21]} Ne4 {[%emt 0:01:02]} 9. Nxe4 {[%emt 0:12:23]} fxe4 {[%emt 0:00:13]} 10. Bxa5 {[%emt 0:00:04]} Qxa5+ {[%emt 0:00:06]} 11. Nd2 {[%emt 0:00:04]} d5 {[%emt 0:00:39]} 12. Qe3 {[%emt 0:05:28]} Qb6 {[%emt 0:47:26]} 13. c5 {[%emt 0:17:02]} Qc7 {[%emt 0:04:58]} 14. f3 {[%emt 0:01:08]} e5 {[%emt 0:00:37]} 15. fxe4 {[%emt 0:01:40]} Be6 {[%emt 0:00:12]} 16. exd5 {[%emt 0:09:50]} Bxd5 {[%emt 0:00:36]} 17. Bxd5+ {[%emt 0:00:13]} cxd5 {[%emt 0:00:05]} 18. Qxe5 {[%emt 0:00:40]} Qxe5 {[%emt 0:01:00]} 19. dxe5 {[%emt 0:00:02]} Nd7 {[%emt 0:01:17]} 20. Nf3 {[%emt 0:00:22]} Nxc5 {[%emt 0:00:19]} 21. Rd1 {[%emt 0:02:48]} Rad8 {[%emt 0:05:04]} 22. O-O {[%emt 0:00:11]} Ne6 {[%emt 0:00:32]} 23. Rd2 {[%emt 0:01:54]} Rf7 {[%emt 0:04:21]} 24. Rfd1 {[%emt 0:00:11]} Rfd7 {[%emt 0:00:06]} 25. e3 {[%emt 0:04:56]} Nc5 {[%emt 0:01:59]} 26. Rc2 {[%emt 0:03:17]} Ne6 {[%emt 0:02:08]} 27. Nd4 {[%emt 0:00:23]} Re8 {[%emt 0:02:23]} 28. Rdc1 {[%emt 0:05:55]} Nf8 {[%emt 0:02:52]} 29. Nf3 {[%emt 0:01:08]} h6 {[%emt 0:03:07]} 30. Rc7 {[%emt 0:00:45]} a6 {[%emt 0:03:34]} 31. R1c5 {[%emt 0:00:49]} Ree7 {[%emt 0:05:28]} 32. Rxd7 {[%emt 0:00:12]} Rxd7 {[%emt 0:00:04]} 33. Rc8 {[%emt 0:00:14]} Re7 {[%emt 0:00:46]} 34. Rd8 {[%emt 0:00:10]} Rd7 {[%emt 0:00:45]} 35. Rb8 {[%emt 0:00:12]} Re7 {[%emt 0:00:06]} 36. Kf2 {[%emt 0:02:41]} Kf7 {[%emt 0:00:44]} 37. Nd4 {[%emt 0:03:47]} g6 {[%emt 0:01:13]} 38. b4 {[%emt 0:03:27]} Nd7 {[%emt 0:03:42]} 39. e6+ {[%emt 0:04:20]} Rxe6 {[%emt 0:00:05]} 40. Nxe6 {[%emt 0:00:00]} Nxb8 {[%emt 0:00:00]} 41. Nd8+ {[%emt 0:05:01]} Kf6 {[%emt 0:02:10]} 42. Nxb7 {[%emt 0:01:19]} Ke5 {[%emt 0:00:05]} 43. Nc5 {[%emt 0:05:37]} d4 {[%emt 0:00:30]} 44. e4 {[%emt 0:00:44]} Kd6 {[%emt 0:01:43]} 45. Ke2 {[%emt 0:02:04]} Kc6 {[%emt 0:00:26]} 46. Kd3 {[%emt 0:01:39]} Kb5 {[%emt 0:00:12]} 47. Kxd4 {[%emt 0:00:30]} Nc6+ {[%emt 0:00:19]} 48. Kd5 {[%emt 0:00:08]} Nxb4+ {[%emt 0:00:49]} 49. Kd6 {[%emt 0:00:04]} 1-0

[Event "71st RUS-ch Higher League 2018"]
[Site "Yaroslavl"]
[Date "2018.07.04"]
[Round "8"]
[White "Zvjaginsev, Vadim"]
[Black "Sjugirov, Sanan"]
[Result "1/2-1/2"]
[WhiteElo "2633"]
[BlackElo "2663"]
[Annotator "ChessBase"]
[PlyCount "92"]
[EventDate "2018.06.26"]
[EventType "swiss"]
[EventCountry "RUS"]
[SourceTitle "playchess.com"]
[Source "ChessBase"]
[SourceQuality "1"]
[TimeControl "40/5400+30:1800+30"]

1. e4 {[%emt 0:00:00]} c5 {[%emt 0:00:00]} 2. Nf3 {[%emt 0:00:00]} d6 {[%emt 0:00:19]} 3. Bb5+ {[%emt 0:00:00]} Nd7 {[%emt 0:01:02]} 4. O-O {[%emt 0:00:00]} a6 {[%emt 0:00:53]} 5. Bxd7+ {[%emt 0:00:06]} Bxd7 {[%emt 0:00:20]} 6. Re1 {[%emt 0:00:12]} Bg4 {[%emt 0:01:21]} 7. c3 {[%emt 0:00:28]} e6 {[%emt 0:08:00]} 8. d4 {[%emt 0:00:56]} Nf6 {[%emt 0:04:20]} 9. dxc5 {[%emt 0:01:05]} dxc5 {[%emt 0:00:45]} 10. Qxd8+ {[%emt 0:00:35]} Rxd8 {[%emt 0:00:08]} 11. Ne5 {[%emt 0:00:07]} Bh5 {[%emt 0:02:32]} 12. f3 {[%emt 0:01:35]} Nd7 {[%emt 0:01:42]} 13. Nxd7 {[%emt 0:00:58]} Rxd7 {[%emt 0:07:09]} 14. Be3 {[%emt 0:03:20]} Be7 {[%emt 0:07:05]} 15. Nd2 {[%emt 0:03:47]} f6 {[%emt 0:01:57]} 16. a4 {[%emt 0:03:20]} O-O {[%emt 0:10:29]} 17. a5 {[%emt 0:00:26]} Rfd8 {[%emt 0:03:12]} 18. Nc4 {[%emt 0:03:34]} Rd3 {[%emt 0:04:38]} 19. Nb6 {[%emt 0:11:53]} Be8 {[%emt 0:11:52]} 20. Na4 {[%emt 0:05:05]} c4 {[%emt 0:01:17]} 21. Kf1 {[%emt 0:08:38]} Kf7 {[%emt 0:02:42]} 22. Nb6 {[%emt 0:00:35]} Bb5 {[%emt 0:00:26]} 23. Ke2 {[%emt 0:00:44]} f5 {[%emt 0:12:56]} 24. exf5 {[%emt 0:01:33]} exf5 {[%emt 0:00:07]} 25. Red1 {[%emt 0:13:11]} g5 {[%emt 0:08:51]} 26. Rxd3 {[%emt 0:01:42]} Rxd3 {[%emt 0:02:22]} 27. Rd1 {[%emt 0:02:32]} Rxd1 {[%emt 0:02:10]} 28. Kxd1 {[%emt 0:00:15]} f4 {[%emt 0:00:38]} 29. Bd4 {[%emt 0:01:38]} Ke6 {[%emt 0:00:29]} 30. Ke1 {[%emt 0:00:42]} h5 {[%emt 0:00:20]} 31. h3 {[%emt 0:02:08]} Bd8 {[%emt 0:01:29]} 32. Kf2 {[%emt 0:01:21]} Bc7 {[%emt 0:00:47]} 33. Ke1 {[%emt 0:00:34]} Bd8 {[%emt 0:00:21]} 34. Kf2 {[%emt 0:00:04]} Kf5 {[%emt 0:00:04]} 35. Ke1 {[%emt 0:00:34]} g4 {[%emt 0:01:30]} 36. hxg4+ {[%emt 0:00:36]} hxg4 {[%emt 0:00:04]} 37. Kf2 {[%emt 0:01:12]} Bh4+ {[%emt 0:00:19]} 38. Ke2 {[%emt 0:00:52]} Bd8 {[%emt 0:01:15]} 39. Kf2 {[%emt 0:00:08]} Kg5 {[%emt 0:01:03]} 40. g3 {[%emt 0:00:00]} fxg3+ {[%emt 0:00:00]} 41. Kxg3 {[%emt 0:04:43]} Bc7+ {[%emt 0:02:27]} 42. Kf2 {[%emt 0:00:06]} gxf3 {[%emt 0:16:10]} 43. Kxf3 {[%emt 0:00:34]} Kf5 {[%emt 0:00:15]} 44. Be3 {[%emt 0:11:49]} Bc6+ {[%emt 0:00:11]} 45. Ke2 {[%emt 0:00:26]} Ke4 {[%emt 0:00:10]} 46. Kd2 {[%emt 0:00:45]} Bxb6 {[%emt 0:00:23]} 1/2-1/2

[Event "71st RUS-ch Higher League 2018"]
[Site "Yaroslavl"]
[Date "2018.07.04"]
[Round "8"]
[White "Romanov, Evgeny"]
[Black "Shaposhnikov, Evgeny"]
[Result "1/2-1/2"]
[WhiteElo "2628"]
[BlackElo "2572"]
[Annotator "ChessBase"]
[PlyCount "80"]
[EventDate "2018.06.26"]
[EventType "swiss"]
[EventCountry "RUS"]
[SourceTitle "playchess.com"]
[Source "ChessBase"]
[SourceQuality "1"]
[TimeControl "40/5400+30:1800+30"]

1. c4 {[%emt 0:07:08]} c5 {[%emt 0:00:00]} 2. Nf3 {[%emt 0:00:10]} Nc6 {[%emt 0:00:00]} 3. d4 {[%emt 0:00:13]} cxd4 {[%emt 0:00:02]} 4. Nxd4 {[%emt 0:00:05]} g6 {[%emt 0:00:27]} 5. e4 {[%emt 0:00:18]} Bg7 {[%emt 0:00:12]} 6. Be3 {[%emt 0:00:09]} Nf6 {[%emt 0:00:16]} 7. Nc3 {[%emt 0:00:09]} d6 {[%emt 0:00:32]} 8. Be2 {[%emt 0:00:08]} O-O {[%emt 0:00:26]} 9. O-O {[%emt 0:00:17]} Nxd4 {[%emt 0:00:05]} 10. Bxd4 {[%emt 0:00:08]} Bd7 {[%emt 0:00:23]} 11. Qd3 {[%emt 0:00:56]} Bc6 {[%emt 0:02:31]} 12. b4 {[%emt 0:00:50]} b6 {[%emt 0:07:11]} 13. f4 {[%emt 0:07:13]} Rc8 {[%emt 0:06:54]} 14. Rad1 {[%emt 0:05:00]} e6 {[%emt 0:05:27]} 15. Bf2 {[%emt 0:12:38]} Qc7 {[%emt 0:04:22]} 16. Bh4 {[%emt 0:01:57]} Rfe8 {[%emt 0:04:56]} 17. Bf3 {[%emt 0:08:54]} Nd7 {[%emt 0:01:57]} 18. e5 {[%emt 0:17:59]} Bxf3 {[%emt 0:00:52]} 19. Qxf3 {[%emt 0:00:10]} Qxc4 {[%emt 0:02:40]} 20. Ne4 {[%emt 0:01:43]} d5 {[%emt 0:03:09]} 21. Nd6 {[%emt 0:00:07]} Qxb4 {[%emt 0:00:06]} 22. Be1 {[%emt 0:10:23]} Qa4 {[%emt 0:02:44]} 23. Rd3 {[%emt 0:00:38]} Nc5 {[%emt 0:01:37]} 24. Ra3 {[%emt 0:00:12]} Qd7 {[%emt 0:00:18]} 25. h4 {[%emt 0:03:01]} f5 {[%emt 0:07:05]} 26. h5 {[%emt 0:02:07]} Ne4 {[%emt 0:01:17]} 27. Nxe8 {[%emt 0:00:07]} Rxe8 {[%emt 0:00:15]} 28. Qe2 {[%emt 0:01:13]} Rc8 {[%emt 0:06:25]} 29. hxg6 {[%emt 0:00:33]} hxg6 {[%emt 0:00:09]} 30. g4 {[%emt 0:00:55]} Rc4 {[%emt 0:11:12]} 31. gxf5 {[%emt 0:00:49]} exf5 {[%emt 0:02:32]} 32. Qg2 {[%emt 0:02:58]} Rc6 {[%emt 0:00:32]} 33. Rh3 {[%emt 0:02:22]} d4 {[%emt 0:00:22]} 34. Qb2 {[%emt 0:03:19]} Qd5 {[%emt 0:01:34]} 35. Rd3 {[%emt 0:00:34]} Bf8 {[%emt 0:02:02]} 36. Bb4 {[%emt 0:03:08]} Bxb4 {[%emt 0:07:09]} 37. Qxb4 {[%emt 0:00:07]} Nc3 {[%emt 0:00:45]} 38. Rf2 {[%emt 0:05:28]} Nb5 {[%emt 0:07:57]} 39. Rg2 {[%emt 0:03:05]} Qe4 {[%emt 0:04:47]} 40. Qd2 {[%emt 0:00:00]} Kg7 {[%emt 0:00:00]} 1/2-1/2